| 000 | 01128nam a2200229Ia 4500 | ||
|---|---|---|---|
| 001 | 10111 | ||
| 003 | GE_BSU | ||
| 008 | 181216s||||||||xx |||||||||||||| ||und|| | ||
| 040 | _cGE_BSU | ||
| 080 | _a821.353.1+821.353.1-1+821.353.1-2 | ||
| 245 | _aპირველი სხივი:წიგნი 8.პოეზია.პროზა.იუმორი.კრიტიკა და ლიტმცოდნ. | ||
| 245 | _bთბილისის შრომის წითელი დროშის ორდენოსანი სახელმწ.უნ–ტის ახალგ.მწერალთა წრის ალმანახი | ||
| 245 | _cსარედ.კოლ.ბ.ჟღენტი.ა.თოფურია | ||
| 260 | _aთბილისი | ||
| 260 | _bთსუ | ||
| 260 | _c1968 | ||
| 300 | _a455გვ.20სმ. | ||
| 520 | _aეძღვნ. თბილისის უნ–ტის 50 წლისთავს | ||
| 653 | _aიუმორი.კრიტიკა და ლიტმცოდნ. | ||
| 653 | _aპირველი სხივი | ||
| 942 | _cBK | ||
| 999 |
_c43383 _d43383 |
||